00437nam a2200169Ia 4500008004100000020001800041041000800059082001600067100001600083245004600099260002700145300000800172365001600180700001600196906003600212999001900248230714s9999 xx 000 0 und d a9790000000000 aeng a006.32bZUR aZurada J.M. aIntroduction To Artificial Neural Systems bJaico Publishing House a683 cRs.b395.00 aZurada J.M. dB:300812-Dec-2011cCOMPb296.25 c205023d205023